000 00356 a2200169 4500
001 15181
020 _a9788526284944
040 _cAnchieta - Aquarius
100 _aFranck, Ed
240 1 0 _aPrincesa Ana
_lpor
245 1 0 _aPrincesa Ana
300 _a31
362 0 _a2011
440 1 _aScipione
650 4 _aLiteratura infanto-juvenil
942 _cBK
999 _c15181
_d15181